Statistics for Spanish Presidents (since 1978)

Click here to take the quiz!

General Stats

  • This quiz has been taken 34 times
  • The average score is 7 of 7

Answer Stats

TermPartyAnswer% Correct
2004-2011PSOEJosé Luis Rodríguez Zapatero
100%
2011-2018PPMariano Rajoy Brey
100%
1996-2004PPJosé María Aznar López
97%
2018-2024PSOEPedro Sánchez Pérez-Castejón
97%
1977-1981UCDAdolfo Suárez González
93%
1982-1996PSOEFelipe Gonzalez Marquez
93%
1981-1982UCDLeopoldo Calvo Sotelo
83%

Score Distribution

Percentile by Number Answered

Percent of People with Each Score

Your Score History

You have not taken this quiz